Milano-Torino Cycling Race Winners - Statistics

General Stats
  • This quiz has been taken 2 times
  • The average score is 2 of 106
Answer Stats
Year Country Winner % Correct
2026 Great Britain Tom Pidcock
100%
2021 Slovenia Primož Roglic
50%
1950 Italy Adolfo Grosso
0%
1922 | 1925 Italy Adriano Zanaga
0%
1954 | 1958 Italy Agostino Coletto
0%
2024 Italy Alberto Bettiol
0%
2012 Spain Alberto Contador
0%
1952 Italy Aldo Bini
0%
1979 Italy Alfio Vandi
0%
1960 Italy Arnaldo Pambianco
0%
2020 France Arnaud Démare
0%
2023 Netherlands Arvid de Kleijn
0%
1936 Italy Cesare Del Cancia
0%
1969 Italy Claudio Michelotto
0%
1955 Italy Cleto Maule
0%
1914 | 1915 | 1919 | +2 others Italy Costante Girardengo
0%
1985 Italy Daniele Caroli
0%
1996 Italy Daniele Nardello
0%
2007 Italy Danilo Di Luca
0%
1991 Italy Davide Cassani
0%
2015 Italy Diego Rosa
0%
2013 Italy Diego Ulissi
0%
1976 Italy Enrico Paolini
0%
2005 Italy Fabio Sacchi
0%
1921 | 1924 Italy Federico Gay
0%
1956 Switzerland Ferdinand Kübler
0%
1951 Italy Fiorenzo Magni
0%
1994 Italy Francesco Casagrande
0%
1983 Italy Francesco Moser
0%
1962 Italy Franco Balmamion
0%
1968 Italy Franco Bitossi
0%
1963 Italy Franco Cribiori
0%
1918 Italy Gaetano Belloni
0%
1971 Belgium Georges Pintens
0%
2014 Italy Giampaolo Caruso
0%
1992 Italy Gianni Bugno
0%
1967 Italy Gianni Motta
0%
1980 Italy Giovanni Battaglin
0%
1903 Italy Giovanni Gerbi
0%
1935 Italy Giovanni Gotti
0%
1896 Italy Giovanni Moro
0%
1905 Italy Giovanni Rossignoli
0%
1913 Italy Giuseppe Azzini
0%
1931 | 1933 Luxembourg Giuseppe Graglia
0%
1937 Italy Giuseppe Martano
0%
1981 Italy Giuseppe Martinelli
0%
1932 Italy Giuseppe Olmo
0%
1982 Italy Giuseppe Saronni
0%
1911 France Henri Pélissier
0%
2006 Spain Igor Astarloa
0%
2025 Mexico Isaac del Toro
0%
1947 Italy Italo De Zan
0%
1997 France Laurent Jalabert
0%
1970 Italy Luciano Armani
0%
1953 Italy Luciano Maggini
0%
1894 Italy Luigi Airaldi
0%
1949 Italy Luigi Casola
0%
1973 Italy Marcello Bergamo
0%
2004 Spain Marcos Serrano
0%
1966 Italy Marino Vigna
0%
1934 Italy Mario Cipriani
0%
2022 Great Britain Mark Cavendish
0%
1999 Switzerland Markus Zberg
0%
1990 Switzerland Mauro Gianetti
0%
2019 Canada Michael Woods
0%
2002 Italy Michele Bartoli
0%
2016 Colombia Miguel Ángel López
0%
1957 Spain Miguel Poblet
0%
2001 | 2003 Italy Mirko Celestino
0%
1959 Italy Nello Fabbri
0%
1998 Switzerland Niki Aebersold
0%
1917 Switzerland Oscar Egg
0%
1876 Italy Paolo Magretti
0%
1984 Italy Paolo Rosola
0%
1987 Australia Phil Anderson
0%
1938 | 1939 | 1940 Italy Pierino Favalli
0%
1978 Italy Pierino Gavazzi
0%
1941 | 1942 Italy Pietro Chiappini
0%
2017 Colombia Rigoberto Urán
0%
1977 Belgium Rik Van Linden
0%
1972 | 1974 Belgium Roger De Vlaeminck
0%
1988 | 1989 West Germany Rolf Gölz
0%
1993 Denmark Rolf Sørensen
0%
1948 Italy Sergio Maggini
0%
1995 Italy Stefano Zanini
0%
2018 France Thibaut Pinot
0%
1964 Spain Valentín Uriona
0%
1945 | 1946 Italy Vito Ortelli
0%
1965 Italy Vito Taccone
0%
1961 Italy Walter Martin
0%
1975 Italy Wladimiro Panizza
0%
No matching quizzes found
Score Distribution
Percent of People with Each Score
Percentile by Number Answered
Your Score History
You have not taken this quiz